EL PROBLEMA AGRARIO DE MEXICO Y LA LEY FEDERAL : (Registro nro. 3730)
[ vista simple ]
| 000 -LEADER | |
|---|---|
| fixed length control field | 00527nam a2200181 a 4500 |
| 001 - CONTROL NUMBER | |
| control field | 3730 |
| 005 - DATE AND TIME OF LATEST TRANSACTION | |
| control field | 20180713183635.0 |
| 008 - FIXED-LENGTH DATA ELEMENTS--GENERAL INFORMATION | |
| fixed length control field | 140415s1989 000 0 spa d |
| 020 ## - INTERNATIONAL STANDARD BOOK NUMBER | |
| International Standard Book Number | 9684321228 |
| 041 ## - LANGUAGE CODE | |
| Language code of text/sound track or separate title | spa |
| 082 ## - DEWEY DECIMAL CLASSIFICATION NUMBER | |
| Classification number | 346.04472 |
| Item number | MEN |
| 100 1# - MAIN ENTRY--PERSONAL NAME | |
| Personal name | MENDIETA Y NUÑEZ, LUCIO |
| 245 13 - TITLE STATEMENT | |
| Title | EL PROBLEMA AGRARIO DE MEXICO Y LA LEY FEDERAL : |
| Remainder of title | DE REFORMA AGRARIA |
| 250 ## - EDITION STATEMENT | |
| Edition statement | 22a ed. |
| 260 ## - PUBLICATION, DISTRIBUTION, ETC. | |
| Place of publication, distribution, etc. | [s.l.] : |
| Name of publisher, distributor, etc. | PORRUA, |
| Date of publication, distribution, etc. | 1989 |
| 300 ## - PHYSICAL DESCRIPTION | |
| Extent | 667 |
| 650 14 - SUBJECT ADDED ENTRY--TOPICAL TERM | |
| Topical term or geographic name entry element | DERECHO AGRARIO |
| General subdivision | MEXICO |
| -- | REFORMA AGRARIA |
| -- | MEXICO |
| Withdrawn status | Lost status | Source of classification or shelving scheme | Damaged status | Not for loan | Collection code | Home library | Current library | Shelving location | Date acquired | Source of acquisition | Total Checkouts | Full call number | Barcode | Price effective from | Koha item type | Inventory number | Date last seen | Date last checked out |
|---|---|---|---|---|---|---|---|---|---|---|---|---|---|---|---|---|---|---|
| Dewey Decimal Classification | General | Biblioteca Karol Wojtyla | Biblioteca Karol Wojtyla | Sala general | 03/12/2013 | Compra | 346.04472 MEN | 35596 | 03/12/2013 | Libro | 151000000000000000045861 | 05/01/2026 | 08/11/2016 | |||||
| Dewey Decimal Classification | General | Biblioteca Karol Wojtyla | Biblioteca Karol Wojtyla | Sala general | 03/12/2013 | Compra | 1 | 346.04472 MEN | 14998 | 03/12/2013 | Libro | 151000000000000000045860 | 16/04/2026 | 10/02/2023 | ||||
| Descarte | Dewey Decimal Classification | General | Tehuacán | Tehuacán | Sala general | 03/12/2013 | Compra | 346.04472 MEN | 8107 | 03/12/2013 | Libro |